1850 1837 1452 1145 1247 1729 1579 1823 1654 1381 1365 1062 1082 1086 1241 1784 1459 1532 1932 1581 1856 1092 1343 1714 1734 1055 1920 1445 1452 1293 1367 1784 1698 1736 1993 1808 1627 1283 1816 1967 1090 1649 1140 1011 1625 1285 1382 1818 1386 1710 1871 1226 1418 1467 1506 1784 1455 1606 1527 1187 1923 1143 1543 1385 1515 1307 1612 1883 1043 1265 1782 1145 1482 1833 1369 1160 1493 1596 1264 1965 1074 1164 1806 1718 1396 1397 1032 1416 1293 1522 1268 1954 1986 1798 1529 1028 1034 1291 1240 BCNSPRNW ULIB Ver.6.0+V

เปลี่ยนเป็นภาษาไทย

Change to English
 แสดงรายละเอียดบรรณานุกรม
  กลับหน้าหลัก

Brief Record : Get Marc (ISO 2709) : E-mail record : QR code < ปิดหน้าต่าง
LEADER : 00000nam 2200000uu 4500
001    13399123392
003     ULIB
008    140910s2556||||th 000 0 tha d
020    ^a9789744226938
060 04 ^aWC528^bศ466ก
110 1  ^aกระทรวงสาธารณสุข.^bกรมการแพทย์.^bสถาบันสุขภาพเด็กแห่งชาติมหาราชินี
245 00 ^aการวินิจฉัยและรักษาโรคไข้เลือดออกเดงกี. /^cสถาบันสุขภาพเด็กแห่งชาติมหาราชินี
250    ^aพิมพ์ครั้งที่ 2
260    ^aนนทบุรี :^bกระทรวงสาธารณสุข,^c2556
300    ^a202 หน้า ;^c15 ซม.
650  7 ^aไข้เลือดออก^xการรักษา
650  7 ^aไข้เลือดออก^xการวินิจฉัย
650  7 ^aเด็งกี^xการรักษา
650  7 ^aเด็งกี^xการวินิจฉัย
700 0  ^aศิริเพ็ญ กัลยาณรุจ,^eบรรณาธิการ
700 0  ^aมุกดา หวังวีรวงค์,^eบรรณาธิการ
700 0  ^aวารุณี วัชรเสวี,^eบรรณาธิการ
945    ^p0^l0^i034736
945    ^p0^l0^i034737
945    ^p0^l0^i034738
945    ^p0^l0^i034739
945    ^p0^l0^i034740
945    ^p0^l0^i034741
945    ^p0^l0^i034742
945    ^p0^l0^i034743
945    ^p0^l0^i034744
945    ^p0^l0^i034745
945    ^p0^l0^i034746
945    ^p0^l0^i039343
999    ^aเกษร โพธิ์สุวรรณ
รายการนี้ยังไม่มีแท็ก
คุณยังไม่ได้ล็อกอิน คุณสามารถมีกิจกรรมร่วมกับเว็บไซต์ได้ แต่ต้องล็อกอินก่อน ::
  ล็อกอิน

รายการสื่อสารสนเทศ

ลำดับที่ ประเภท เลขเรียก/บาร์โค้ด สถานที่ สถานะ
1. วิทยาศาสตร์การแพทย์ และสุขภาพ
หนังสือสำรอง
สถานะ=หนังสือสำรอง
WC528 ศ466ก ฉ.1 
  Barcode: 034736
ห้องสมุดวิทยาเขตสวรรค์ประชารักษ์
►ส่วนจัดเก็บหนังสือเก่า สปร
บนชั้น
  ขอยืม
2. วิทยาศาสตร์การแพทย์ และสุขภาพ
วิทยาศาสตร์การแพทย์ และสุขภาพ
WC528 ศ466ก ฉ.10 
  Barcode: 034745
ห้องสมุดวิทยาเขตสวรรค์ประชารักษ์
►ส่วนจัดเก็บหนังสือเก่า สปร
บนชั้น
  ขอยืม
3. วิทยาศาสตร์การแพทย์ และสุขภาพ
วิทยาศาสตร์การแพทย์ และสุขภาพ
WC528 ศ466ก ฉ.11 
  Barcode: 034746
ห้องสมุดวิทยาเขตสวรรค์ประชารักษ์
►หนังสือทั่วไป
บนชั้น
4. วิทยาศาสตร์การแพทย์ และสุขภาพ
วิทยาศาสตร์การแพทย์ และสุขภาพ
WC528 ศ466ก ฉ.12 
  Barcode: 039343
ห้องสมุดวิทยาเขตสวรรค์ประชารักษ์
►ส่วนจัดเก็บหนังสือเก่า สปร
บนชั้น
  ขอยืม
5. วิทยาศาสตร์การแพทย์ และสุขภาพ
วิทยาศาสตร์การแพทย์ และสุขภาพ
WC528 ศ466ก ฉ.2 
  Barcode: 034737
ห้องสมุดวิทยาเขตสวรรค์ประชารักษ์
►ส่วนจัดเก็บหนังสือเก่า สปร
บนชั้น
  ขอยืม
6. วิทยาศาสตร์การแพทย์ และสุขภาพ
วิทยาศาสตร์การแพทย์ และสุขภาพ
WC528 ศ466ก ฉ.3 
  Barcode: 034738
ห้องสมุดวิทยาเขตสวรรค์ประชารักษ์
►ส่วนจัดเก็บหนังสือเก่า สปร
บนชั้น
  ขอยืม
7. วิทยาศาสตร์การแพทย์ และสุขภาพ
วิทยาศาสตร์การแพทย์ และสุขภาพ
WC528 ศ466ก ฉ.4 
  Barcode: 034739
ห้องสมุดวิทยาเขตสวรรค์ประชารักษ์
►ส่วนจัดเก็บหนังสือเก่า สปร
บนชั้น
  ขอยืม
8. วิทยาศาสตร์การแพทย์ และสุขภาพ
วิทยาศาสตร์การแพทย์ และสุขภาพ
WC528 ศ466ก ฉ.5 
  Barcode: 034740
ห้องสมุดวิทยาเขตสวรรค์ประชารักษ์
►ส่วนจัดเก็บหนังสือเก่า สปร
บนชั้น
  ขอยืม
9. วิทยาศาสตร์การแพทย์ และสุขภาพ
วิทยาศาสตร์การแพทย์ และสุขภาพ
WC528 ศ466ก ฉ.6 
  Barcode: 034741
ห้องสมุดวิทยาเขตสวรรค์ประชารักษ์
►ส่วนจัดเก็บหนังสือเก่า สปร
บนชั้น
  ขอยืม
10. วิทยาศาสตร์การแพทย์ และสุขภาพ
วิทยาศาสตร์การแพทย์ และสุขภาพ
WC528 ศ466ก ฉ.7 
  Barcode: 034742
ห้องสมุดวิทยาเขตสวรรค์ประชารักษ์
►ส่วนจัดเก็บหนังสือเก่า สปร
บนชั้น
  ขอยืม
11. วิทยาศาสตร์การแพทย์ และสุขภาพ
วิทยาศาสตร์การแพทย์ และสุขภาพ
WC528 ศ466ก ฉ.8 
  Barcode: 034743
ห้องสมุดวิทยาเขตสวรรค์ประชารักษ์
►ส่วนจัดเก็บหนังสือเก่า สปร
บนชั้น
  ขอยืม
12. วิทยาศาสตร์การแพทย์ และสุขภาพ
วิทยาศาสตร์การแพทย์ และสุขภาพ
WC528 ศ466ก ฉ.9 
  Barcode: 034744
ห้องสมุดวิทยาเขตสวรรค์ประชารักษ์
►ส่วนจัดเก็บหนังสือเก่า สปร
บนชั้น
  ขอยืม

BibComment


ยังไม่เคยถูกคอมเมนท์

คอมเมนท์ทรัพยากรรายการนี้
  คอมเมนท์: การวินิจฉัยและรั..


 Copyright 2026. Bcnsprnw @Library